Logo BPK

Biblioteka

Politechniki Koszalińskiej

III Sympozjum Instytutu Inżynierii Środowiska nt. Współczesne problemy inżynierii środowiska : (Rekord nr 20312)

Szczegóły MARC
000 -ETYKIETA REKORDU
podpole kontrolne o stałej długości 01271nam a2200289 i 4500
001 - NUMER KONTROLNY REKORDU
pole kontrolne bg
003 - IDENTYFIKATOR NUMERU KONTROLNEGO REKORDU
podpole kontrolne BPK
005 - DATA OSTATNIEJ MODYFIKACJI REKORDU
podpole kontrolne 20191107101647.0
008 - POLE O STAŁEJ DŁUGOŚCI - DANE KONTROLNE
podpole kontrolne o stałej długości 199606s1982 pl f |100 0 pol d
040 ## - ŹRÓDŁO KATALOGOWANIA
Instytucja, która utworzyła rekord BPK
041 ## - KOD JĘZYKA
Kod języka tekstu pol
080 ## - UNIWERSALNA KLASYFIKACJA DZIESIĘTNA - UKD
UKD 628.1/.8
080 ## - UNIWERSALNA KLASYFIKACJA DZIESIĘTNA - UKD
UKD 502/504
080 ## - UNIWERSALNA KLASYFIKACJA DZIESIĘTNA - UKD
UKD (06)
245 #0 - TYTUŁ/ODPOWIEDZIALNOŚĆ
Tytuł III Sympozjum Instytutu Inżynierii Środowiska nt. Współczesne problemy inżynierii środowiska :
Ciąg dalszy tytułu konferencja naukowo-techniczna, Koszalin, 25 maja 1982 r. /
Pozostałe elementy strefy tytułu i oznaczenia odpowiedzialności [red. nauk. Kazimierz Berliński, Tadeusz Gruszecki, Kazimierz Szymański] ; Instytut Inżynierii Środowiska Wyższej Szkoły Inżynierskiej w Koszalinie ; PZITS Zarząd Oddziału w Koszalinie.
246 30 - WARIANT TYTUŁU
Tytuł Współczesne problemy inżynierii środowiska
246 30 - WARIANT TYTUŁU
Tytuł Sympozjum Instytutu Inżynierii Środowiska,
Oznaczenie części/sekcji dzieła 3
260 ## - STREFA ADRESU WYDAWNICZEGO
Miejsce wydania Koszalin :
Nazwa wydawcy/dystrybutora [WSI],
Data publikacji, dystrybucji/powstania dokumentu 1982.
300 ## - STREFA OPISU FIZYCZNEGO
Objętość 188 s. :
Inne cechy fizyczne rys. ;
Rozmiary 21 cm.
650 #4 - HASŁO PRZEDMIOTOWE W FORMIE NAZWY OGÓLNEJ LUB JEDNOSTKOWEJ
Nazwa ogólna lub geograficzna Inżynieria środowiska
655 #4 - TERMIN INDEKSOWY - OKREŚLENIE RODZAJU/FORMY DOKUMENTU
Określenie rodzaju/formy dokumentu Materiały konferencyjne
700 10 - HASŁO DODATKOWE - NAZWA OSOBOWA
Nazwa osobowa Berliński, Kazimierz.
Określenie związku między hasłem a opisywanym materiałem Red.
700 10 - HASŁO DODATKOWE - NAZWA OSOBOWA
Nazwa osobowa Gruszecki, Tadeusz
Określenie związku między hasłem a opisywanym materiałem Redakcja
700 10 - HASŁO DODATKOWE - NAZWA OSOBOWA
Nazwa osobowa Szymański, Kazimierz
Dopowiedzenie (ochrona środowiska)
Określenie związku między hasłem a opisywanym materiałem Redakcja
856 ## - LOKALIZACJA I DOSTĘP DO ELEKTRONICZNYCH DOKUMENTÓW ZDALNYCH
Link (URL) http://koha.tu.koszalin.pl/cgi-bin/koha/opac-detail.pl?biblionumber=20312
Tekst linku Katalog online BPK
942 ## - DODATKOWE ELEMENTY (KOHA)
Typ dokumentu Książka
Schemat klasyfikacji Uniwersalna Klasyfikacja Dziesiętna
Egzemplarze
Wycofany Status egzemplarza Uszkodzony Dostępność Lokalizacja stała Lokalizacja bieżąca Miejsce przechowywania Sygnatura Kod kreskowy Typ dokumentu
      Dostępny Biblioteka Politechniki Koszalińskiej Biblioteka Politechniki Koszalińskiej Wypożyczalnia BG 28662 01147476 Książka
      Dostępny Biblioteka Politechniki Koszalińskiej Biblioteka Politechniki Koszalińskiej Wypożyczalnia BG 28663 01449242 Książka
  Egz. niedostępny   Niedostępny Biblioteka Politechniki Koszalińskiej Biblioteka Politechniki Koszalińskiej Magazyn Rezerw     Książka
© 2023 Biblioteka Politechniki Koszalińskiej :: KOHA